00827 a2200193 450000500170000001000150001702000260003203500140005803700090007208200110008110000340009224501730012626000390029927000750033830000200041394200300043399900190046395201510048220250108164457.0 aENG-143252 a9788187393955c795.00 aEN-126784 bDBAD a327.54 aChattopadhyay, Pratip 976138 aDomestic Roots of Indian Foreign Policy and Marxist Political Parties:b Experiences of UF Government (1996-1998) and UPA Government (2004-09)/cBy Pratip Chattopadhyay aNew DelhibAdroit Publishersc2022 a4675/21, Ganpati Bhawan, Ansari Road , Darya Ganj, bNew Delhie110002 a249p.c22cm(hb) adplcCH2ddch327.54mCHA c208232d208232 001040708NFICaMPbMPd2025-01-08eDelivery of Books Divisiong795.00l0o327.54 CHApEN-126784r2025-01-08 00:00:00t1v795.00w2025-01-08yCH